000 00742nam a2200253 i 4500
001 C2-0308226
003 PPAK
005 20180728095020.0
008 110424s2004 my a|||| ||||| | may d
022 _a0419-0386
040 _aPPAK
_beng
_cPPAK
_erda
082 0 4 _a059.9923
_223
090 0 0 _a059.9923
_bDEW
_dKK
245 0 0 _aDewan Masyarakat :
_bDisember 2004
264 1 _aKuala Lumpur :
_bDewan Bahasa dan Pustaka ,
_c2004
300 _a66 pages :
_bcolour illustrations ;
_c27 cm
336 _2rdacontent
_atext
337 _2rdamedia
_aunmediated
338 _2rdacarrier
_avolume
500 _aMajalah - Jilid 47 Bil 12
650 1 0 _aMalaysian periodicals.
700 0 _aMohd. Shukri Mohd. Ariff,
_eeditor
942 _ddc
_cB
999 _c110849
_d110849